[Event "SVK-chT2B 1920"]
[Site "Slovakia"]
[Date "2020.03.08"]
[Round "11.4"]
[White "Krupa, Miroslav"]
[Black "Gombar, Peter"]
[Result "1-0"]
[WhiteElo "2079"]
[BlackElo "1907"]
[PlyCount "91"]
[EventDate "2019.10.26"]
[EventType "team-tourn"]
[EventRounds "11"]
[EventCountry "SVK"]
[SourceTitle "CBM 195 Extra"]
[Source "ChessBase"]
[SourceDate "2020.05.31"]
[SourceVersion "1"]
[SourceVersionDate "2020.05.31"]
[SourceQuality "1"]
[WhiteTeam "Tlmace"]
[BlackTeam "Povazska Bystrica II"]
[WhiteTeamCountry "SVK"]
[BlackTeamCountry "SVK"]

1. e4 e5 2. Nf3 Nc6 3. Bc4 Be7 4. d4 d6 5. Bb5 Bd7 6. d5 Nb8 7. Qe2 Nf6 8. Bxd7+ Nbxd7 9. c4 a5 10. Nc3 0-0 11. b3 Nc5 12. 0-0 c6 13. dxc6 bxc6 14. Ba3 Ne6 15. c5 Nf4 16. Qc2 dxc5 17. Rfd1 Qc7 18. Na4 Ne6 19. Nxc5 Bxc5 20. Bxc5 Nxc5 21. Qxc5 Nxe4 22. Qxe5 Qxe5 23. Nxe5 Rfc8 24. Rac1 c5 25. Nd7 Re8 26. Nxc5 Nxc5 27. Rxc5 Re2 28. Rxa5 Rc8 29. Kf1 Rb2 30. Rad5 g6 31. R1d2 Rb1+ 32. Rd1 Rb2 33. R5d2 Rcc2 34. Rxc2 Rxc2 35. a4 Rb2 36. Rd3 Kg7 37. a5 Kf6 38. a6 Ra2 39. Rd6+ Ke5 40. Rb6 Kd5 41. b4 Ke4 42. g3 f5 43. Kg2 g5 44. b5 f4 45. gxf4 gxf4 46. Rb7 1-0

[Event "Tatry op"]
[Site "Tatranske Zruby"]
[Date "2019.09.28"]
[Round "1"]
[White "Privara, Igor"]
[Black "Gombar, Peter"]
[Result "1-0"]
[WhiteElo "2169"]
[BlackElo "1951"]
[PlyCount "117"]
[EventDate "2019.09.28"]
[EventType "swiss"]
[EventRounds "9"]
[EventCountry "SVK"]
[SourceTitle "EXT 2020"]
[Source "ChessBase"]
[SourceDate "2019.10.17"]
[SourceVersion "1"]
[SourceVersionDate "2019.10.17"]
[SourceQuality "1"]

1. e4 b6 2. d4 Bb7 3. Bd3 Nf6 4. Qe2 e6 5. Nf3 Be7 6. 0-0 d6 7. Nc3 Nbd7 8. Re1 e5 9. Bg5 0-0 10. Rad1 c6 11. a4 Qc7 12. Bc4 h6 13. Bh4 Rae8 14. dxe5 dxe5 15. Rd2 Bc8 16. Red1 Nh5 17. Bxe7 Rxe7 18. Nh4 Nf4 19. Qf1 g6 20. g3 Ne6 21. Rd6 Nf6 22. Nf3 Ne8 23. R6d2 Kg7 24. Qe2 Nf6 25. h3 Rd8 26. Rxd8 Nxd8 27. Kg2 Rd7 28. Rd2 Rxd2 29. Qxd2 Be6 30. Qd3 Bxc4 31. Qxc4 Ne6 32. b4 Qd6 33. b5 c5 34. Qd3 Qxd3 35. cxd3 Nd7 36. Nd5 Nd4 37. Ne7 Ne2 38. Nc6 f6 39. Nxa7 Nc3 40. Nd2 Nxa4 41. Nc4 Kf7 42. Kf1 Nc3 43. Ke1 Ke8 44. Kd2 Na2 45. Nc8 Kd8 46. N8xb6 Nxb6 47. Nxb6 f5 48. Nc4 fxe4 49. dxe4 Kc7 50. Nxe5 Kb6 51. Nxg6 Kxb5 52. f4 c4 53. f5 c3+ 54. Kd3 Kb4 55. Nf4 Kb3 56. Ne2 Nb4+ 57. Ke3 Nc6 58. f6 Nd8 59. Kd3 1-0

[Event "SVK-chT2B 1819"]
[Site "Slovakia"]
[Date "2018.12.16"]
[Round "6.6"]
[White "Halak, Matej"]
[Black "Gombar, Peter"]
[Result "1/2-1/2"]
[WhiteElo "1978"]
[BlackElo "1976"]
[PlyCount "88"]
[EventDate "2018.10.13"]
[EventType "team-tourn"]
[EventRounds "11"]
[EventCountry "SVK"]
[SourceTitle "CBM 189 Extra"]
[Source "ChessBase"]
[SourceDate "2019.06.03"]
[SourceVersion "1"]
[SourceVersionDate "2019.06.03"]
[SourceQuality "1"]
[WhiteTeam "Trencin"]
[BlackTeam "Povazska Bystrica"]
[WhiteTeamCountry "SVK"]
[BlackTeamCountry "SVK"]

1. d4 d6 2. Bg5 Nd7 3. Nf3 Ngf6 4. e3 e5 5. Be2 Be7 6. c4 c6 7. 0-0 Ne4 8. Bxe7 Qxe7 9. Nbd2 Nxd2 10. Nxd2 0-0 11. Rc1 f5 12. d5 c5 13. e4 f4 14. Bg4 Nf6 15. Bxc8 Raxc8 16. Rc3 Qf7 17. f3 Qh5 18. h3 Qg5 19. Rf2 Nh5 20. Nf1 Ng3 21. Qa4 a6 22. Qd7 Rcd8 23. Qxb7 Qg6 24. Nxg3 fxg3 25. Rfc2 Rb8 26. Qe7 Rbe8 27. Qd7 Rb8 28. Qg4 Qxg4 29. fxg4 Rf2 30. b3 Rbf8 31. Rxf2 Rxf2 32. Rxg3 Rxa2 33. Kf1 Kf7 34. Re3 a5 35. Re2 Ra1+ 36. Kf2 a4 37. bxa4 Rxa4 38. Rc2 Kf6 39. Rc3 g5 40. g3 h6 41. h4 Rb4 42. Ke3 Ra4 43. Kd2 Ra2+ 44. Rc2 Ra3 1/2-1/2

[Event "SVK-chT2B 1819"]
[Site "Slovakia"]
[Date "2018.11.17"]
[Round "3.6"]
[White "Sucharda, Ondrej"]
[Black "Gombar, Peter"]
[Result "1/2-1/2"]
[WhiteElo "1873"]
[BlackElo "1976"]
[PlyCount "115"]
[EventDate "2018.10.13"]
[EventType "team-tourn"]
[EventRounds "11"]
[EventCountry "SVK"]
[SourceTitle "CBM 187 Extra"]
[Source "ChessBase"]
[SourceDate "2018.11.04"]
[SourceVersion "1"]
[SourceVersionDate "2018.11.04"]
[SourceQuality "1"]
[WhiteTeam "Nove Zamky"]
[BlackTeam "Povazska Bystrica"]
[WhiteTeamCountry "SVK"]
[BlackTeamCountry "SVK"]

1. c4 d6 2. g3 e5 3. Bg2 Nf6 4. Nc3 c6 5. d3 Be7 6. Nf3 0-0 7. 0-0 a5 8. a3 Nbd7 9. Rb1 Re8 10. Nd2 Nf8 11. Nde4 Nxe4 12. Nxe4 f5 13. Nc3 Ng6 14. b4 axb4 15. axb4 Kh8 16. b5 Bd7 17. Qc2 f4 18. e3 Rf8 19. Qe2 Qc8 20. exf4 exf4 21. bxc6 bxc6 22. Be4 Bf6 23. Bxg6 hxg6 24. Ne4 Bg4 25. f3 Bd4+ 26. Kh1 Bh3 27. Bxf4 Bxf1 28. Qxf1 d5 29. Ng5 Bf6 30. Nh3 Re8 31. g4 Qe6 32. g5 Bd4 33. Bg3 Qe2 34. Qxe2 Rxe2 35. Nf4 Rd2 36. cxd5 cxd5 37. Nxd5 Ra1 38. Rxa1 Bxa1 39. Nf4 Kh7 40. Kg1 Be5 41. Kf1 Bxf4 42. Bxf4 Rxd3 43. Ke2 Rb3 44. Kf2 Kg8 45. Be5 Kf7 46. f4 Ra3 47. Kg2 Ke6 48. Bxg7 Kf5 49. Be5 Kg4 50. h3+ Rxh3 51. f5 gxf5 52. g6 Ra3 53. g7 Ra2+ 54. Kf1 Ra8 55. Kf2 f4 56. Bb2 f3 57. Ba3 Rg8 58. Bf8 1/2-1/2

[Event "SVK-chT3B2 1819"]
[Site "Slovakia"]
[Date "2018.11.11"]
[Round "2.3"]
[White "Hrebicik, David"]
[Black "Gombar, Peter"]
[Result "0-1"]
[WhiteElo "1799"]
[BlackElo "1974"]
[PlyCount "70"]
[EventDate "2018.10.21"]
[EventType "team-tourn"]
[EventRounds "11"]
[EventCountry "SVK"]
[SourceTitle "CBM 189 Extra"]
[Source "ChessBase"]
[SourceDate "2019.06.03"]
[SourceVersion "1"]
[SourceVersionDate "2019.06.03"]
[SourceQuality "1"]
[WhiteTeam "Povazske Podhradie "]
[BlackTeam "Povazska Bystrica Sparta"]
[WhiteTeamCountry "SVK"]
[BlackTeamCountry "SVK"]

1. d4 d6 2. e4 Nf6 3. Nc3 Nbd7 4. Bc4 e5 5. Nge2 c6 6. Bg5 Be7 7. dxe5 dxe5 8. Ng3 h6 9. Be3 Nb6 10. Qxd8+ Bxd8 11. Bb3 Ng4 12. Bd2 g6 13. h3 Nf6 14. f4 Bc7 15. 0-0 Be6 16. f5 Bxb3 17. fxg6 fxg6 18. axb3 Nbd7 19. Be3 Ke7 20. Na4 b6 21. Kf2 h5 22. Nc3 Ke6 23. Nge2 Bd6 24. Bg5 Rhf8 25. Ke3 Bc5+ 26. Kd3 a5 27. Na4 Be7 28. Ng3 Rad8 29. Ke3 Bb4 30. Rad1 b5 31. c3 Be7 32. Bxf6 Rxf6 33. Rxf6+ Kxf6 34. Rxd7 Rxd7 35. Nb6 Bc5+ 0-1

[Event "SVK-chT2B 1819"]
[Site "Slovakia"]
[Date "2018.10.13"]
[Round "1.4"]
[White "Gombar, Peter"]
[Black "Balogh, Peter1111"]
[Result "1-0"]
[WhiteElo "1976"]
[BlackElo "2017"]
[PlyCount "85"]
[EventDate "2018.10.13"]
[EventType "team-tourn"]
[EventRounds "11"]
[EventCountry "SVK"]
[SourceTitle "CBM 187 Extra"]
[Source "ChessBase"]
[SourceDate "2018.11.04"]
[SourceVersion "1"]
[SourceVersionDate "2018.11.04"]
[SourceQuality "1"]
[WhiteTeam "Povazska Bystrica"]
[BlackTeam "Komarno II"]
[WhiteTeamCountry "SVK"]
[BlackTeamCountry "SVK"]

1. d4 d5 2. Nf3 Nc6 3. e3 Bg4 4. h3 Bh5 5. Be2 f6 6. c4 e6 7. cxd5 exd5 8. Nc3 Qd7 9. a3 0-0-0 10. b4 g5 11. Na4 Bxf3 12. Bxf3 f5 13. Nc5 Bxc5 14. bxc5 Nf6 15. Bd2 h5 16. Qb3 Nb8 17. Rb1 c6 18. Qa4 a6 19. Be2 g4 20. h4 g3 21. f3 f4 22. exf4 Rde8 23. Kd1 Rh7 24. Bd3 Rhe7 25. Re1 Ng8 26. Kc2 Nh6 27. Re5 Rxe5 28. fxe5 Nf5 29. Bg5 Rg8 30. Kc3 Qe6 31. Qc2 Rf8 32. Qb3 Rf7 33. Bf6 Ne3 34. f4 Rc7 35. Qb2 Nd7 36. Qe2 Ng4 37. f5 Qe8 38. Bg5 Qh8 39. Kd2 Ndxe5 40. dxe5 Nxe5 41. Re1 Nc4+ 42. Bxc4 Qb2+ 43. Kd1 1-0

[Event "Banska Stiavnica V4 op"]
[Site "Banska Stiavnica"]
[Date "2018.07.11"]
[Round "5"]
[White "Lukac, Roman"]
[Black "Gombar, Peter"]
[Result "1-0"]
[WhiteElo "2089"]
[BlackElo "1974"]
[PlyCount "107"]
[EventDate "2018.07.07"]
[EventType "swiss"]
[EventRounds "9"]
[EventCountry "SVK"]
[SourceTitle "CBM 185 Extra"]
[Source "ChessBase"]
[SourceDate "2018.07.29"]
[SourceVersion "1"]
[SourceVersionDate "2018.07.29"]
[SourceQuality "1"]

1. e4 b6 2. d4 Bb7 3. Nc3 e6 4. Bd3 Bb4 5. Qe2 Nf6 6. a3 Be7 7. f4 c5 8. Nf3 cxd4 9. Nxd4 Nc6 10. Nf3 d5 11. e5 Nd7 12. b4 Rc8 13. Bd2 a5 14. b5 Ncb8 15. 0-0 Nc5 16. Kh1 Nbd7 17. Nd4 Nxd3 18. cxd3 Nc5 19. f5 exf5 20. Rxf5 Ne6 21. Qf2 Nxd4 22. Qxd4 g6 23. e6 f6 24. Rf3 Bc5 25. Qh4 f5 26. Bg5 Be7 27. Qd4 Rg8 28. h4 h6 29. Bxe7 Kxe7 30. h5 Rxc3 31. Qxc3 d4 32. Qd2 Bxf3 33. gxf3 Qd5 34. Qf4 Qd6 35. Qxh6 Qxe6 36. Rc1 Rc8 37. Qg7+ Kd6 38. Qxd4+ Ke7 39. Qg7+ Kd6 40. Rxc8 Qxc8 41. Qxg6+ Ke5 42. Qg3+ Kf6 43. Qh4+ Ke5 44. Qc4 Qd8 45. f4+ Kf6 46. Kh2 Kg7 47. Kh3 Kf6 48. Qc6+ Ke7 49. Qc3 Kf7 50. Qc4+ Kf6 51. Kg3 Ke7 52. Kf3 Kf6 53. Qc6+ Ke7 54. Ke3 1-0

[Event "SVK-chT3B2 1617"]
[Site "Slovakia"]
[Date "2017.03.05"]
[Round "9.1"]
[White "Blazek, Milos"]
[Black "Gombar, Peter"]
[Result "1/2-1/2"]
[WhiteElo "2008"]
[BlackElo "1990"]
[PlyCount "65"]
[EventDate "2016.10.16"]
[EventType "team-tourn"]
[EventRounds "11"]
[EventCountry "SVK"]
[SourceTitle "EXT 2020"]
[Source "ChessBase"]
[SourceDate "2019.10.17"]
[SourceVersion "1"]
[SourceVersionDate "2019.10.17"]
[SourceQuality "1"]
[WhiteTeam "Nemsova Horne Srnie"]
[BlackTeam "Povazska Bystrica Sparta III"]
[WhiteTeamCountry "SVK"]
[BlackTeamCountry "SVK"]

1. e4 c6 2. d4 d5 3. Nc3 dxe4 4. Nxe4 Bf5 5. Ng3 Bg6 6. Nf3 Nd7 7. h4 h6 8. h5 Bh7 9. Bd3 Bxd3 10. Qxd3 Ngf6 11. Bd2 e6 12. 0-0-0 Qc7 13. Kb1 0-0-0 14. Ne4 Nxe4 15. Qxe4 Nf6 16. Qe2 Bd6 17. Rh4 Rhe8 18. c4 Qe7 19. Ba5 Bc7 20. Bc3 Bd6 21. g3 Bb4 22. Bxb4 Qxb4 23. Ne5 Qe7 24. Rf4 Rf8 25. Rf3 c5 26. Rfd3 cxd4 27. Rxd4 Rxd4 28. Rxd4 Rd8 29. Rxd8+ Kxd8 30. g4 Ke8 31. a3 Qd6 32. Kc2 Qd4 33. Qe3 1/2-1/2

[Event "SVK-chT1W 1617"]
[Site "Slovakia"]
[Date "2017.02.25"]
[Round "8.7"]
[White "Gombar, Peter"]
[Black "Brestak, Jan"]
[Result "0-1"]
[WhiteElo "1985"]
[BlackElo "2078"]
[PlyCount "66"]
[EventDate "2016.10.15"]
[EventType "team-tourn"]
[EventRounds "11"]
[EventCountry "SVK"]
[SourceTitle "EXT 2018"]
[Source "ChessBase"]
[SourceDate "2017.10.13"]
[SourceVersion "1"]
[SourceVersionDate "2017.10.13"]
[SourceQuality "1"]
[WhiteTeam "Povazska Bystrica"]
[BlackTeam "Podhajska Termal"]
[WhiteTeamCountry "SVK"]
[BlackTeamCountry "SVK"]

1. e4 c5 2. Nf3 a6 3. d4 cxd4 4. Nxd4 Nf6 5. Nc3 e5 6. Nde2 Bc5 7. Ng3 Qb6 8. Qf3 d6 9. Nd5 Nxd5 10. exd5 f5 11. Nxf5 Bxf2+ 12. Qxf2 Qxf2+ 13. Kxf2 Bxf5 14. c4 Nd7 15. Bd2 Nf6 16. Bb4 a5 17. Ba3 Kd7 18. Be2 b6 19. Ke3 Rhf8 20. Rhf1 Bg6 21. Rac1 Rac8 22. g4 Ke7 23. g5 Ne4 24. h4 Ng3 25. Rxf8 Rxf8 26. h5 Nxe2 27. Kxe2 Bxh5+ 28. Ke1 Rf5 29. b4 Rf3 30. Bb2 axb4 31. Rc2 Bg6 32. Rf2 Rxf2 33. Kxf2 Bd3 0-1

[Event "SVK-chT3B2 1617"]
[Site "Slovakia"]
[Date "2017.02.19"]
[Round "8.2"]
[White "Buco, Martin"]
[Black "Gombar, Peter"]
[Result "0-1"]
[WhiteElo "1736"]
[BlackElo "1985"]
[PlyCount "72"]
[EventDate "2016.10.16"]
[EventType "team-tourn"]
[EventRounds "11"]
[EventCountry "SVK"]
[SourceTitle "EXT 2018"]
[Source "ChessBase"]
[SourceDate "2017.10.13"]
[SourceVersion "1"]
[SourceVersionDate "2017.10.13"]
[SourceQuality "1"]
[WhiteTeam "Povazske Podhradie II"]
[BlackTeam "Povazska Bystrica Sparta III"]
[WhiteTeamCountry "SVK"]
[BlackTeamCountry "SVK"]

1. e4 e6 2. d4 d5 3. Nd2 dxe4 4. Nxe4 Nd7 5. Bf4 Ngf6 6. Bd3 Be7 7. Nxf6+ Nxf6 8. Nf3 0-0 9. 0-0 c5 10. Re1 Qb6 11. Be3 Qxb2 12. dxc5 Qa3 13. Rb1 Qxa2 14. Ne5 Qd5 15. Ng4 Nxg4 16. Qxg4 f5 17. Qc4 Rd8 18. Red1 Qxc4 19. Bxc4 Rxd1+ 20. Rxd1 Kf7 21. Bb3 Kf6 22. h4 h6 23. f4 a5 24. Ba4 Kf7 25. g3 Bf6 26. Bd4 Ke7 27. Bxf6+ gxf6 28. Rd6 Ra6 29. Rxa6 bxa6 30. Kf2 Bd7 31. c6 Bc8 32. Ke3 Kd6 33. Kd4 e5+ 34. fxe5+ fxe5+ 35. Kd3 Be6 36. c4 Kc5 0-1

[Event "Liptovsky Mikulas Relax op"]
[Site "Liptovsky Mikulas"]
[Date "2016.11.17"]
[Round "6"]
[White "Profant, Jan"]
[Black "Gombar, Peter"]
[Result "0-1"]
[WhiteElo "1885"]
[BlackElo "2010"]
[PlyCount "90"]
[EventDate "2016.11.13"]
[EventType "swiss"]
[EventRounds "7"]
[EventCountry "SVK"]
[SourceTitle "CBM 175 Extra"]
[Source "ChessBase"]
[SourceDate "2016.12.12"]
[SourceVersion "1"]
[SourceVersionDate "2016.12.12"]
[SourceQuality "1"]

1. Nf3 Nf6 2. g3 b6 3. Bg2 Bb7 4. 0-0 e6 5. b3 Be7 6. Bb2 0-0 7. d3 c5 8. Nbd2 Qc7 9. c4 d6 10. Rc1 Nbd7 11. Re1 Rac8 12. Qc2 d5 13. cxd5 Nxd5 14. d4 Qb8 15. dxc5 Rxc5 16. Qb1 Rfc8 17. Rxc5 Bxc5 18. e4 N5f6 19. e5 Nd5 20. Ng5 Nf8 21. Nc4 b5 22. Na3 a6 23. Nc2 Nb4 24. Nxb4 Bxb4 25. Rc1 Bxg2 26. Kxg2 Rd8 27. Ne4 Qb7 28. f3 Ng6 29. Qc2 Qd5 30. Qc7 Qd3 31. Qc2 Qd5 32. Qc7 Qd3 33. Rc2 Rd7 34. Qc8+ Rd8 35. Qc7 Rd7 36. Qb8+ Rd8 37. Rc8 Qe2+ 38. Kh3 Qf1+ 39. Kg4 h5+ 40. Kg5 Be7+ 41. Nf6+ gxf6+ 42. exf6 Rxc8 43. Qxc8+ Bf8 44. Qa8 Qh3 45. Ba3 Qf5# 0-1

[Event "SVK-chT2B 1617"]
[Site "Slovakia"]
[Date "2016.11.05"]
[Round "3.6"]
[White "Teplan, Branislav"]
[Black "Gombar, Peter"]
[Result "0-1"]
[WhiteElo "1816"]
[BlackElo "2010"]
[PlyCount "56"]
[EventDate "2016.10.08"]
[EventType "team-tourn"]
[EventRounds "11"]
[EventCountry "SVK"]
[SourceTitle "CBM 175 Extra"]
[Source "ChessBase"]
[SourceDate "2016.12.12"]
[SourceVersion "1"]
[SourceVersionDate "2016.12.12"]
[SourceQuality "1"]
[WhiteTeam "Nove Zamky"]
[BlackTeam "Povazska Bystrica II"]
[WhiteTeamCountry "SVK"]
[BlackTeamCountry "SVK"]

1. e4 e6 2. d4 d5 3. exd5 exd5 4. Nf3 Nf6 5. Bd3 Be7 6. 0-0 Bg4 7. Bg5 0-0 8. Nbd2 Nbd7 9. c3 c5 10. dxc5 Nxc5 11. Qc2 h6 12. Be3 Nxd3 13. Qxd3 Re8 14. Rfe1 Qc7 15. Bd4 Rad8 16. Bxf6 Bxf6 17. Rxe8+ Rxe8 18. Qxd5 Re2 19. Re1 Qe7 20. Rxe2 Qxe2 21. Ne4 Be7 22. h3 Bxf3 23. gxf3 Qxb2 24. Qd7 Bf8 25. a4 a6 26. Nd6 Qc1+ 27. Kg2 Qg5+ 28. Kh2 Qd5 0-1

[Event "Banska Stiavnica V4 op"]
[Site "Banska Stiavnica"]
[Date "2016.07.09"]
[Round "8"]
[White "Macko, Miroslav"]
[Black "Gombar, Peter"]
[Result "1-0"]
[WhiteElo "2186"]
[BlackElo "2032"]
[PlyCount "103"]
[EventDate "2016.07.02"]
[EventType "swiss"]
[EventRounds "9"]
[EventCountry "SVK"]
[SourceTitle "CBM 173 Extra"]
[Source "ChessBase"]
[SourceDate "2016.08.29"]
[SourceVersion "1"]
[SourceVersionDate "2016.08.29"]
[SourceQuality "1"]

1. e4 e5 2. Nf3 Nc6 3. Bb5 a6 4. Ba4 Nf6 5. 0-0 b5 6. Bb3 Be7 7. Re1 d6 8. c3 0-0 9. d3 Na5 10. Bc2 c5 11. Nbd2 Re8 12. Nf1 Bf8 13. h3 Nc6 14. Ng3 g6 15. Nh2 Bg7 16. Bg5 h6 17. Be3 Kh7 18. f4 exf4 19. Bxf4 Ng8 20. Nf3 Ne5 21. Nxe5 dxe5 22. Be3 Qe7 23. Qf3 Bd7 24. Bb3 Rf8 25. Rf1 Nf6 26. a4 b4 27. Rac1 Rac8 28. Qf2 Be6 29. Bxe6 Qxe6 30. Bxc5 Rfd8 31. d4 bxc3 32. bxc3 exd4 33. Bxd4 Nxe4 34. Nxe4 Bxd4 35. cxd4 Qxe4 36. Qxf7+ Kh8 37. Rce1 Qxd4+ 38. Kh1 Qg7 39. Qxg7+ Kxg7 40. Re7+ Kg8 41. Rf6 Rd1+ 42. Kh2 Rcc1 43. Rxg6+ Kf8 44. Re3 Rh1+ 45. Kg3 Rc4 46. Rxa6 Rg1 47. Ra7 Rc2 48. Rf3+ Kg8 49. Rf2 Rc3+ 50. Kh4 Re1 51. Rb2 Re8 52. Rb6 1-0